000 00368nam a2200157Ia 4500
003 Ost
005 20260225132546.0
008 260225s9999||||xx |||||||||||||| ||und||
040 _cfsic
041 _afre
082 _a440
100 _aC.W.Newbury
_eAuteur
245 0 _aBritish policy towards west africa c.w.Newbury /
245 0 _cC.W.Newbury
942 _cكتاب
999 _c33841
_d33841